书目信息 |
| 题名: |
旅游景观设计与欣赏
|
|
| 作者: | 凌善金 编著 | |
| 分册: | ||
| 出版信息: | 北京 北京大学出版社 2020.1 |
|
| 页数: | 271页 | |
| 开本: | 26cm | |
| 丛书名: | ||
| 单 册: | ||
| 中图分类: | TU984.18 | |
| 科图分类: | ||
| 主题词: | 旅游区--景观设计--高等学校--教材 | |
| 电子资源: | ||
| ISBN: | 978-7-301-25737-1 | |
| 000 | 01168nam0 2200253 45 | |
| 001 | 012001001881 | |
| 005 | 20140912153519.0 | |
| 010 | @a978-7-301-25737-1@dCNY39.00 | |
| 100 | @a20150618d2015 em y0chiy50 ea | |
| 101 | 0 | @achi |
| 102 | @aCN@b110000 | |
| 105 | @aa z 000yy | |
| 106 | @ar | |
| 200 | 1 | @a旅游景观设计与欣赏@Alv you jing guan she ji yu xin shang@b专著@f凌善金编著 |
| 210 | @a北京@c北京大学出版社@d2020.1 | |
| 215 | @a271页@c图@d26cm | |
| 300 | @a安徽师范大学教材建设基金资助 安徽省地方高水平大学旅游管理重点建设职业资助 | |
| 300 | @a21世纪全国高等院校旅游管理类创新型应用人才培养规划教材 | |
| 330 | @a本书运用多学科理论来综合论述旅游景观设计与欣赏问题。分绪论、设计、欣赏3部分,论述了旅游景观欣赏的基本概念、本质、分类;旅游景观设计的基本理论,旅游景观的设计依据,旅游景观的风格定位,旅游景观抽象和具象构景元素设计方法,各类旅游景区的景观设计方法;旅游景观欣赏的概念、本质、意义等基本理论,旅游景观欣赏心理,自然景观,人文景观的欣赏特性及欣赏方法。 | |
| 606 | 0 | @a旅游区@x景观设计@x高等学校@j教材 |
| 690 | @aTU984.18@v5 | |
| 701 | 0 | @a凌善金@Aling shan jin@4编著 |
| 801 | 0 | @aCN@bBJSDL@c20211011 |
| 905 | @b1337578-81@dTU984.18@e1987@f4 | |
| 旅游景观设计与欣赏/凌善金编著.-北京:北京大学出版社,2020.1 |
| 271页:图;26cm |
| 安徽师范大学教材建设基金资助 安徽省地方高水平大学旅游管理重点建设职业资助.-21世纪全国高等院校旅游管理类创新型应用人才培养规划教材 |
| ISBN 978-7-301-25737-1:CNY39.00 |
| 本书运用多学科理论来综合论述旅游景观设计与欣赏问题。分绪论、设计、欣赏3部分,论述了旅游景观欣赏的基本概念、本质、分类;旅游景观设计的基本理论,旅游景观的设计依据,旅游景观的风格定位,旅游景观抽象和具象构景元素设计方法,各类旅游景区的景观设计方法;旅游景观欣赏的概念、本质、意义等基本理论,旅游景观欣赏心理,自然景观,人文景观的欣赏特性及欣赏方法。 |
| ● |
| 相关链接 |
|
|
|
|
正题名:旅游景观设计与欣赏
索取号:TU984.18/1987
 
预约/预借
| 序号 | 登录号 | 条形码 | 馆藏地/架位号 | 状态 | 备注 |
| 1 | 1337578 | 213375783 | 第二样本阅览室/ [索取号:TU984.18/1987] | 在馆 | |
| 2 | 1337579 | 213375792 | 第三借阅区/ [索取号:TU984.18/1987] | 在馆 | |
| 3 | 1337580 | 213375809 | 第三借阅区/ [索取号:TU984.18/1987] | 在馆 | |
| 4 | 1337581 | 213375818 | 第三借阅区/ [索取号:TU984.18/1987] | 在馆 |